Schaum's quick guide to great presentations / (Record no. 68631)

000 -LEADER
fixed length control field 01242cam a2200349 a 4500
001 - CONTROL NUMBER
control field 3105874
003 - CONTROL NUMBER IDENTIFIER
control field NUST - PNEC
005 - DATE AND TIME OF LATEST TRANSACTION
control field 20170116181058.0
008 - FIXED-LENGTH DATA ELEMENTS--GENERAL INFORMATION
fixed length control field 990128s1999 nyua 001 0 eng c
010 ## - LIBRARY OF CONGRESS CONTROL NUMBER
LC control number 99191117
020 ## - INTERNATIONAL STANDARD BOOK NUMBER
International Standard Book Number 0070220611 (pbk.) :
035 ## - SYSTEM CONTROL NUMBER
System control number (OCoLC)40695177
040 ## - CATALOGING SOURCE
Original cataloging agency NJQ
Transcribing agency LIBRARY
Modifying agency DLC
042 ## - AUTHENTICATION CODE
Authentication code pcc
050 00 - LIBRARY OF CONGRESS CALL NUMBER
Classification number HF5718.22
Item number .T44 1999
082 00 - DEWEY DECIMAL CLASSIFICATION NUMBER
Classification number 808.51 TEM
100 1# - MAIN ENTRY--PERSONAL NAME
Personal name Templeton, Melody.
245 10 - TITLE STATEMENT
Title Schaum's quick guide to great presentations /
Statement of responsibility, etc. Melody Templeton, Suzanne Sparks FitzGerald.
246 18 - VARYING FORM OF TITLE
Title proper/short title Great presentation skills
260 ## - PUBLICATION, DISTRIBUTION, ETC.
Place of publication, distribution, etc. New York, N.Y. :
Name of publisher, distributor, etc. McGraw-Hill,
Date of publication, distribution, etc. c1999.
300 ## - PHYSICAL DESCRIPTION
Extent viii, 190 p. :
Other physical details ill. ;
Dimensions 22 cm.
440 #0 - SERIES STATEMENT/ADDED ENTRY--TITLE
Title Schaum's quick guide series
500 ## - GENERAL NOTE
General note Includes index.
650 #0 - SUBJECT ADDED ENTRY--TOPICAL TERM
Topical term or geographic name entry element Business presentations.
General subdivision MIS
700 1# - ADDED ENTRY--PERSONAL NAME
Personal name Fitzgerald, Suzanne Sparks.
856 42 - ELECTRONIC LOCATION AND ACCESS
Materials specified Publisher description
Uniform Resource Identifier <a href="http://www.loc.gov/catdir/description/mh021/99191117.html">http://www.loc.gov/catdir/description/mh021/99191117.html</a>
856 41 - ELECTRONIC LOCATION AND ACCESS
Materials specified Table of contents
Uniform Resource Identifier <a href="http://www.loc.gov/catdir/toc/mh021/99191117.html">http://www.loc.gov/catdir/toc/mh021/99191117.html</a>
906 ## - LOCAL DATA ELEMENT F, LDF (RLIN)
a 7
b cbc
c pccadap
d 3
e ncip
f 19
g y-gencatlg
942 ## - ADDED ENTRY ELEMENTS (KOHA)
Source of classification or shelving scheme
Koha item type Book
Holdings
Withdrawn status Lost status Source of classification or shelving scheme Damaged status Not for loan Permanent Location Current Location Shelving location Date acquired Total Checkouts Full call number Barcode Date last seen Date last checked out Price effective from Koha item type
          Pakistan Navy Engineering College (PNEC) Pakistan Navy Engineering College (PNEC)     2 808.51 TEM PNECLIB-026110 10/05/2016 09/28/2016   Book
© 2023 Central Library, National University of Sciences and Technology. All Rights Reserved.